[Event "AUT-chT2M 2324"]
[Site "Austria"]
[Date "2023.11.03"]
[Round "1.5"]
[White "Kravanja, Georg"]
[Black "Manhardt, Thomas"]
[Result "0-1"]
[WhiteElo "2242"]
[BlackElo "2176"]
[PlyCount "122"]
[EventDate "2023.11.03"]
[EventType "team-tourn"]
[EventRounds "11"]
[EventCountry "AUT"]
[SourceTitle "CB46_2023"]
[SourceDate "2023.11.15"]
[SourceVersion "1"]
[SourceVersionDate "2023.11.15"]
[SourceQuality "1"]
[WhiteTeam "Graz Schachfreunde"]
[BlackTeam "Graz Styria"]
[WhiteTeamCountry "AUT"]
[BlackTeamCountry "AUT"]

1. d4 f5 2. Bg5 h6 3. Bh4 g5 4. Bg3 Bg7 5. e3 c5 6. c3 d5 7. Bxb8 Rxb8 8. h4 g4 9. g3 Nf6 10. Ne2 0-0 11. Bg2 e6 12. Nd2 c4 13. a4 b6 14. 0-0 Bd7 15. Nf4 Kh7 16. b3 cxb3 17. Qxb3 Qe7 18. c4 Ne4 19. Nxe4 dxe4 20. Ne2 Rfc8 21. Rfc1 Qd8 22. Nc3 a6 23. Bf1 Bf8 24. Qd1 Bb4 25. Qb3 Bd6 26. Qa2 Bb4 27. Qb3 Ba5 28. Rcb1 Qe7 29. Qa2 Bb4 30. Qb3 Bd6 31. Rb2 Kg6 32. Rab1 Ba3 33. Ra2 Bd6 34. Be2 h5 35. Bf1 Qf8 36. Qc2 Bb4 37. Rab2 Ba5 38. Ne2 Kh6 39. Nf4 Qe8 40. Ra2 Rc7 41. Qb3 Rbc8 42. Qa3 Qf8 43. Qb2 Qe8 44. c5 bxc5 45. Bxa6 Ra8 46. Bb5 c4 47. Qa3 Rb7 48. Kg2 Qf8 49. Qxf8+ Rxf8 50. Rc1 c3 51. Bxd7 Rxd7 52. Nxe6 Rb7 53. Nc5 Rb4 54. Ra3 Rb2 55. Rb3 Rb8 56. Rxb8 Rxb8 57. Kf1 Rb2 58. d5 Kg6 59. d6 c2 60. Ke2 Rb1 61. Rxb1 cxb1Q 0-1

[Event "Feffernitz op 32nd"]
[Site "Feffernitz"]
[Date "2023.08.11"]
[Round "8"]
[White "Manhardt, Thomas"]
[Black "Karasek, Lukas"]
[Result "1/2-1/2"]
[WhiteElo "2173"]
[BlackElo "2235"]
[PlyCount "32"]
[EventDate "2023.08.05"]
[EventType "swiss"]
[EventRounds "9"]
[EventCountry "AUT"]
[SourceTitle "CBM 215 Extra"]
[Source "ChessBase"]
[SourceDate "2023.09.30"]
[SourceVersion "1"]
[SourceVersionDate "2023.09.30"]
[SourceQuality "1"]

1. e4 c5 2. Be2 Nc6 3. f4 e6 4. Nf3 d5 5. d3 Bd6 6. 0-0 Nge7 7. c3 f6 8. Na3 a6 9. Be3 Qc7 10. g3 0-0 11. Qe1 b6 12. Rc1 Bb7 13. Qf2 Rac8 14. Nc2 Nd8 15. Nd2 Nf7 16. Qg2 Rfd8 1/2-1/2

[Event "AUT-chT2M 2223"]
[Site "Austria"]
[Date "2022.10.23"]
[Round "6.4"]
[White "Kuba, Guenter"]
[Black "Manhardt, Thomas"]
[Result "1/2-1/2"]
[WhiteElo "2323"]
[BlackElo "2236"]
[PlyCount "44"]
[EventDate "2022.09.30"]
[EventType "team-tourn"]
[EventRounds "11"]
[EventCountry "AUT"]
[SourceTitle "EXT 2024"]
[Source "ChessBase"]
[SourceDate "2023.10.10"]
[SourceVersion "1"]
[SourceVersionDate "2023.10.10"]
[SourceQuality "1"]
[WhiteTeam "Fuerstenfeld/Hartberg"]
[BlackTeam "Gleisdorf"]
[WhiteTeamCountry "AUT"]
[BlackTeamCountry "AUT"]

1. e4 c5 2. Nf3 Nc6 3. Bb5 g6 4. Bxc6 bxc6 5. 0-0 Bg7 6. c3 Nh6 7. d4 cxd4 8. cxd4 0-0 9. Nc3 d6 10. h3 f6 11. b3 Nf7 12. Bb2 Ba6 13. Re1 e5 14. Qc2 Rc8 15. Rad1 Qe7 16. Na4 Rfd8 17. Ba3 Bf8 18. Qd2 Qb7 19. Qa5 Qb5 20. Qc3 Qb7 21. Qa5 Qb5 22. Qc3 Qb7 1/2-1/2

[Event "St Veit op 41st"]
[Site "St Veit"]
[Date "2022.07.12"]
[Round "5"]
[White "Fahrner, Kurt"]
[Black "Manhardt, Thomas"]
[Result "0-1"]
[WhiteElo "2331"]
[BlackElo "2227"]
[PlyCount "100"]
[EventDate "2022.07.09"]
[EventType "swiss"]
[EventRounds "9"]
[EventCountry "AUT"]
[SourceTitle "CBM 209 Extra"]
[Source "ChessBase"]
[SourceDate "2022.09.30"]
[SourceVersion "1"]
[SourceVersionDate "2022.09.30"]
[SourceQuality "1"]

1. d4 f5 2. g3 Nf6 3. Bg2 g6 4. Nf3 Bg7 5. 0-0 0-0 6. b4 c6 7. a4 a6 8. a5 d6 9. Bb2 Kh8 10. c4 Be6 11. d5 Bg8 12. Nc3 Nbd7 13. Qb3 e5 14. dxe6 Bxe6 15. Rfd1 Qc7 16. Rac1 Bg8 17. Na4 Rad8 18. Qa3 Ne5 19. Nb6 Nfd7 20. Qa1 Nxb6 21. axb6 Qe7 22. c5 Nxf3+ 23. Bxf3 d5 24. e3 Bxb2 25. Qxb2+ Qg7 26. Rd4 Rde8 27. Qa1 Be6 28. Rd2 Rf6 29. Qd4 Kg8 30. Ra1 Qf7 31. Qf4 Kg7 32. h4 h6 33. b5 axb5 34. Rda2 Bc8 35. Ra8 Qe7 36. Rb8 Rff8 37. Raa8 h5 38. Kg2 Kf7 39. Bxh5 gxh5 40. Rxc8 Rxc8 41. Rxc8 Qe4+ 42. Qxe4 dxe4 43. Rc7+ Ke6 44. Rxb7 b4 45. Rc7 Kd5 46. b7 Rb8 47. Rf7 b3 48. Rxf5+ Kc4 49. Re5 b2 50. Rxe4+ Kxc5 0-1

[Event "Steyr Landesliga 1920"]
[Site "Austria"]
[Date "2019.11.16"]
[Round "4.2"]
[White "Goessler, Markus"]
[Black "Manhardt, Thomas"]
[Result "1-0"]
[WhiteElo "2145"]
[BlackElo "2286"]
[PlyCount "135"]
[EventDate "2019.09.28"]
[EventType "team-tourn"]
[EventRounds "11"]
[EventCountry "AUT"]
[SourceTitle "CBM 193 Extra"]
[Source "ChessBase"]
[SourceDate "2020.01.31"]
[SourceVersion "1"]
[SourceVersionDate "2020.01.31"]
[SourceQuality "1"]
[WhiteTeam "Baernbach"]
[BlackTeam "Graz Styria"]
[WhiteTeamCountry "AUT"]
[BlackTeamCountry "AUT"]

1. e4 c5 2. Nf3 Nc6 3. Nc3 Nf6 4. Bb5 e5 5. Bxc6 dxc6 6. Nxe5 Nxe4 7. Nxe4 Qd4 8. Qe2 Qxe5 9. f4 Qe6 10. f5 Qe5 11. 0-0 Be7 12. d3 0-0 13. Qf3 f6 14. Rb1 Bd7 15. Bd2 Rae8 16. Bc3 Qd5 17. b3 b6 18. Qf4 Rf7 19. Rf3 Kf8 20. Bb2 Bc8 21. Rbf1 Bd8 22. Qh4 h6 23. Qh5 Bc7 24. Qg6 Be5 25. Bc1 Ke7 26. Re1 Kd8 27. Kh1 Rfe7 28. Ref1 Qf7 29. Qxf7 Rxf7 30. Be3 Kc7 31. Bf2 Rfe7 32. Bg3 Rd8 33. Bxe5+ Rxe5 34. g4 b5 35. c4 Rd4 36. Re1 Kb6 37. Rfe3 h5 38. h3 hxg4 39. hxg4 Re8 40. Kg2 Bd7 41. Nxf6 gxf6 42. Rxe8 Bxe8 43. Rxe8 Rxg4+ 44. Kf3 Rh4 45. Rf8 Rh3+ 46. Kg4 Rxd3 47. Rxf6 bxc4 48. bxc4 Rd4+ 49. Kg5 Rxc4 50. Re6 Rc2 51. f6 Rg2+ 52. Kf5 Rf2+ 53. Kg5 c4 54. Re3 Kc5 55. Re5+ Kd4 56. Rf5 Rg2+ 57. Kh6 Rg8 58. f7 Rc8 59. Kg7 c3 60. f8Q Rxf8 61. Kxf8 c2 62. Rf1 a5 63. Ke7 c5 64. Kd6 c4 65. Kc6 Kc3 66. Kb5 Kb2 67. a4 c3 68. Kc4 1-0

[Event "AUT-chT2M 1819"]
[Site "Austria"]
[Date "2019.03.03"]
[Round "11.5"]
[White "Lentrodt, Thomas"]
[Black "Manhardt, Thomas"]
[Result "0-1"]
[WhiteElo "2277"]
[BlackElo "2180"]
[PlyCount "64"]
[EventDate "2018.10.19"]
[EventType "team-tourn"]
[EventRounds "11"]
[EventCountry "AUT"]
[SourceTitle "CBM 189 Extra"]
[Source "ChessBase"]
[SourceDate "2019.06.03"]
[SourceVersion "1"]
[SourceVersionDate "2019.06.03"]
[SourceQuality "1"]
[WhiteTeam "Grieskirchen/Bad Schallenberg"]
[BlackTeam "Gleisdorf"]
[WhiteTeamCountry "AUT"]
[BlackTeamCountry "AUT"]

1. d4 f5 2. Nf3 Nf6 3. g3 g6 4. Bg2 Bg7 5. 0-0 0-0 6. c4 d6 7. Nc3 Nc6 8. d5 Ne5 9. Nxe5 dxe5 10. c5 Kh8 11. Qb3 h6 12. Bd2 a6 13. Rfd1 Rb8 14. Qa3 e4 15. f3 exf3 16. exf3 g5 17. Be3 Qe8 18. Re1 Qf7 19. Rad1 e5 20. dxe6 Bxe6 21. Bd4 Rfe8 22. Be5 Rbd8 23. c6 Rxd1 24. Rxd1 b6 25. f4 gxf4 26. gxf4 Ng4 27. Bxg7+ Qxg7 28. Ne2 Bd5 29. Rxd5 Ne3 30. Ng3 Nxd5 31. Nxf5 Qg4 32. Qd3 Qxg2+ 0-1

[Event "Steyr Landesliga 1819"]
[Site "Austria"]
[Date "2018.10.13"]
[Round "2.3"]
[White "Perhinig, Robert"]
[Black "Manhardt, Thomas"]
[Result "1/2-1/2"]
[WhiteElo "2236"]
[BlackElo "2191"]
[PlyCount "61"]
[EventDate "2018.10.06"]
[EventType "team-tourn"]
[EventRounds "11"]
[EventCountry "AUT"]
[SourceTitle "CBM 187 Extra"]
[Source "ChessBase"]
[SourceDate "2018.11.04"]
[SourceVersion "1"]
[SourceVersionDate "2018.11.04"]
[SourceQuality "1"]
[WhiteTeam "Graz Schachgesellschaft"]
[BlackTeam "Graz Styria"]
[WhiteTeamCountry "AUT"]
[BlackTeamCountry "AUT"]

1. d4 f5 2. Nc3 Nf6 3. Bg5 d5 4. Bxf6 exf6 5. e3 Be6 6. Bd3 Qd7 7. h4 h5 8. Nh3 Nc6 9. a3 g6 10. b3 Bf7 11. Nf4 Ne7 12. Qd2 c6 13. Na4 Nc8 14. c4 Bd6 15. c5 Bc7 16. Kd1 Kf8 17. Kc2 Kg7 18. Kb2 Ne7 19. Rab1 Rab8 20. Ka2 Rhe8 21. g3 Ng8 22. Rhc1 b5 23. Nc3 Ba5 24. b4 Bc7 25. a4 a5 26. axb5 axb4 27. Rxb4 Ba5 28. Rb3 cxb5 29. Qb2 b4 30. Nce2 Ne7 31. Kb1 1/2-1/2

[Event "Steyr Landesliga 1718"]
[Site "Austria"]
[Date "2018.03.10"]
[Round "9.3"]
[White "Manhardt, Thomas"]
[Black "Bonstingl, Georg"]
[Result "1/2-1/2"]
[WhiteElo "2232"]
[BlackElo "2227"]
[PlyCount "103"]
[EventDate "2017.09.30"]
[EventType "team-tourn"]
[EventRounds "11"]
[EventCountry "AUT"]
[SourceTitle "EXT 2019"]
[Source "ChessBase"]
[SourceDate "2018.10.10"]
[SourceVersion "1"]
[SourceVersionDate "2018.10.10"]
[SourceQuality "1"]
[WhiteTeam "Graz Styria"]
[BlackTeam "Gamlitz"]
[WhiteTeamCountry "AUT"]
[BlackTeamCountry "AUT"]

1. e4 g6 2. d4 Bg7 3. Nf3 c6 4. h3 d5 5. e5 Nh6 6. c4 0-0 7. Nc3 Kh8 8. Be2 dxc4 9. Bxc4 Nd7 10. 0-0 Nb6 11. Bb3 Nd5 12. Bxd5 cxd5 13. Qb3 e6 14. Bg5 Qb6 15. Qxb6 axb6 16. Nb5 Bd7 17. Nd6 Bc6 18. g4 Ng8 19. Rfc1 Bh6 20. b4 Ra3 21. Kg2 b5 22. Rc5 Bxg5 23. Nxg5 h6 24. Nf3 Ra4 25. a3 Ne7 26. Nd2 Rfa8 27. Nxf7+ Kg7 28. Nd6 Rxa3 29. Rxa3 Rxa3 30. Nxb7 Rd3 31. Nf3 Bxb7 32. Rc7 Kf8 33. Rxb7 Nc6 34. Rxb5 Rxf3 35. Rb6 Rc3 36. b5 Nxd4 37. Rb8+ Ke7 38. b6 Rb3 39. b7 Kd7 40. Rg8 Rxb7 41. Rxg6 h5 42. f4 Rb2+ 43. Kg3 Rb3+ 44. Kh4 hxg4 45. hxg4 Nf3+ 46. Kh5 Rb4 47. Rf6 Re4 48. g5 Ke7 49. g6 Nxe5 50. g7 Kxf6 51. g8Q Nf7 52. Qg6+ 1/2-1/2

[Event "Steyr Landesliga 1718"]
[Site "Austria"]
[Date "2017.12.02"]
[Round "6.2"]
[White "Zechner, Gernot"]
[Black "Manhardt, Thomas"]
[Result "1-0"]
[WhiteElo "2251"]
[BlackElo "2232"]
[PlyCount "57"]
[EventDate "2017.09.30"]
[EventType "team-tourn"]
[EventRounds "11"]
[EventCountry "AUT"]
[SourceTitle "EXT 2019"]
[Source "ChessBase"]
[SourceDate "2018.10.10"]
[SourceVersion "1"]
[SourceVersionDate "2018.10.10"]
[SourceQuality "1"]
[WhiteTeam "Graz Austria"]
[BlackTeam "Graz Styria"]
[WhiteTeamCountry "AUT"]
[BlackTeamCountry "AUT"]

1. d4 f5 2. Nc3 Nf6 3. Bg5 d5 4. f3 Nc6 5. Qd2 e6 6. a3 Be7 7. e3 a6 8. Nge2 Bd7 9. h3 b6 10. g4 e5 11. 0-0-0 e4 12. Nf4 exf3 13. Bxf6 Bxf6 14. Ncxd5 fxg4 15. hxg4 Bxg4 16. Bd3 Qd6 17. Rdg1 Bd7 18. Bg6+ Kd8 19. Bxh7 g5 20. Nxf6 Qxf6 21. Nd5 Qf7 22. Be4 Re8 23. Rh7 Qf8 24. Qh2 Ra7 25. Nxb6 Bf5 26. Bxf5 Qxf5 27. Rd7+ Qxd7 28. Nxd7 Kxd7 29. Qh3+ 1-0

[Event "AUT-chT2M 1718"]
[Site "Austria"]
[Date "2017.10.28"]
[Round "2.4"]
[White "Manhardt, Thomas"]
[Black "Hellmayr, Alois"]
[Result "1-0"]
[WhiteElo "2229"]
[BlackElo "2238"]
[PlyCount "77"]
[EventDate "2017.10.27"]
[EventType "team-tourn"]
[EventRounds "11"]
[EventCountry "AUT"]
[SourceTitle "CBM 181 Extra"]
[Source "ChessBase"]
[SourceDate "2017.12.12"]
[SourceVersion "1"]
[SourceVersionDate "2017.12.12"]
[SourceQuality "1"]
[WhiteTeam "Gleisdorf"]
[BlackTeam "Sauwald"]
[WhiteTeamCountry "AUT"]
[BlackTeamCountry "AUT"]

1. e4 c5 2. Be2 g6 3. f4 Bg7 4. Nf3 d5 5. d3 Nc6 6. 0-0 e6 7. c3 Nge7 8. Qe1 h5 9. Na3 b6 10. Nc2 Qd7 11. Bd2 Ba6 12. Rd1 0-0-0 13. b4 cxb4 14. cxb4 dxe4 15. dxe4 Bxe2 16. Qxe2 Qd3 17. Qxd3 Rxd3 18. b5 Nb8 19. Bb4 Rxd1 20. Rxd1 Rd8 21. Rc1 Rd7 22. Ne3+ Kb7 23. Nc4 Nc8 24. e5 f6 25. Bd6 fxe5 26. fxe5 Bh6 27. Rc3 Ne7 28. Bxe7 Rxe7 29. Nd6+ Ka8 30. Kf2 Rd7 31. Rc8 Bg7 32. Ke3 a6 33. a4 Ka7 34. Ke4 Bh6 35. Nd4 axb5 36. axb5 Bd2 37. Nc6+ Nxc6 38. bxc6 Rh7 39. c7 1-0

[Event "AUT-chT2M 1718"]
[Site "Austria"]
[Date "2017.10.27"]
[Round "1.1"]
[White "Halvax, Georg"]
[Black "Manhardt, Thomas"]
[Result "1-0"]
[WhiteElo "2421"]
[BlackElo "2229"]
[PlyCount "103"]
[EventDate "2017.10.27"]
[EventType "team-tourn"]
[EventRounds "11"]
[EventCountry "AUT"]
[SourceTitle "CBM 181 Extra"]
[Source "ChessBase"]
[SourceDate "2017.12.12"]
[SourceVersion "1"]
[SourceVersionDate "2017.12.12"]
[SourceQuality "1"]
[WhiteTeam "Maria Saal II"]
[BlackTeam "Gleisdorf"]
[WhiteTeamCountry "AUT"]
[BlackTeamCountry "AUT"]

1. d4 f5 2. e4 fxe4 3. Nc3 Nf6 4. Bg5 Nc6 5. d5 Ne5 6. Qd4 Nf7 7. h4 c6 8. 0-0-0 Qb6 9. Bxf6 gxf6 10. Qxe4 Bh6+ 11. Kb1 Bg7 12. Nge2 e6 13. dxe6 dxe6 14. f4 f5 15. Qf3 0-0 16. h5 Nh6 17. Nc1 Kh8 18. Bc4 Ng4 19. Rhe1 e5 20. fxe5 Nxe5 21. Qf4 Qc5 22. Bb3 b5 23. Nd5 cxd5 24. h6 Ng6 25. hxg7+ Kxg7 26. Qg5 Bb7 27. Nd3 Qd6 28. Rh1 Rf7 29. g3 Qf6 30. Qh5 Kh8 31. Nb4 Rd8 32. Bxd5 Bxd5 33. Nxd5 Qg7 34. Nf4 Rxd1+ 35. Rxd1 Nxf4 36. gxf4 Qg4 37. Qh1 Rg7 38. a3 h5 39. Rd8+ Kh7 40. Qa8 Qxf4 41. Rh8+ Kg6 42. Qc6+ Kf7 43. Qxb5 h4 44. Qd7+ Kf6 45. Qc6+ Kf7 46. Re8 Rg1+ 47. Ka2 Qd4 48. Qe6+ Kg7 49. Re7+ Kh8 50. Qh6+ Kg8 51. Qh7+ Kf8 52. Qf7# 1-0